Loading...
History - World History | 1 | 6 | 1 | 2 | 70 | 45 | 101.14 | 1 | 4 |
History - US History | 2 | 3 | 0 | 0 | 60 | 39 | 82.80 | 1 | 5 |
Literature - World Literature | 2 | 3 | 1 | 0 | 55 | 64 | 91.40 | 1 | 4 |
Literature - European Literature | 1 | 4 | 0 | 0 | 55 | 57 | 119.60 | 1 | 4 |
Beliefs | 2 | 4 | 3 | 2 | 55 | 40 | 96.83 | 4 | 4 |
Literature - British Literature | 0 | 5 | 0 | 1 | 50 | 111 | 136.00 | 0 | 3 |
History - European History | 2 | 2 | 1 | 0 | 45 | 58 | 75.00 | 3 | 4 |
Social Science | 1 | 3 | 0 | 0 | 45 | 84 | 123.00 | 0 | 2 |
Fine Arts - Other Fine Arts | 1 | 2 | 0 | 1 | 35 | 28 | 78.00 | 1 | 2 |
History - Other History | 1 | 3 | 2 | 0 | 35 | 45 | 74.50 | 3 | 4 |
Geography | 2 | 1 | 1 | 1 | 35 | 41 | 78.33 | 2 | 2 |
Literature - American Literature | 1 | 2 | 1 | 2 | 30 | 65 | 115.00 | 0 | 1 |
Other Academic | 1 | 0 | 0 | 0 | 15 | 51 | 51.00 | 0 | 1 |
Philosophy | 1 | 0 | 0 | 0 | 15 | 50 | 50.00 | 0 | 1 |
Science - Biology | 0 | 2 | 1 | 1 | 15 | 103 | 120.00 | 0 | 1 |
Science - Earth Science | 0 | 1 | 0 | 1 | 10 | 144 | 144.00 | 0 | 0 |
Fine Arts - Classical Music and Opera | 0 | 1 | 1 | 0 | 5 | 118 | 118.00 | 0 | 1 |
Science - Other Science | 0 | 0 | 0 | 0 | 0 | 0.00 | 0 | 0 | |
Modern World | 0 | 0 | 2 | 0 | -10 | 0.00 | 0 | 0 |